Philosophy of user education (Record no. 17998)

MARC details
000 -LEADER
fixed length control field 00387nam a2200133Ia 4500
082 ## - DEWEY DECIMAL CLASSIFICATION NUMBER
Classification number 025.5 GIR-;
100 ## - MAIN ENTRY--AUTHOR NAME
Personal name Girja Kumar
245 #0 - TITLE STATEMENT
Title Philosophy of user education
260 ## - PUBLICATION, DISTRIBUTION, ETC. (IMPRINT)
Place of publication New Delhi
Name of publisher Vikas Publishing
Year of publication 1983
300 ## - PHYSICAL DESCRIPTION
Number of Pages 247p.
650 ## - SUBJECT ADDED ENTRY--TOPICAL TERM
Topical Term User education (Information science)
650 ## - SUBJECT ADDED ENTRY--TOPICAL TERM
Topical Term Libraries - Library education - Information services - User education
942 ## - ADDED ENTRY ELEMENTS (KOHA)
Koha item type Books
Holdings
Withdrawn status Lost status Damaged status Not for loan Home library Current library Date acquired Bill Date Full call number Accession Number Price effective from Koha item type
        NASSDOC Library NASSDOC Library 08/06/2004 2004-10-22 025.5 GIR-; 16304 18/04/2019 Books